Fly ash in concrete (Record no. 548507)
[ view plain ]
| 000 -LEADER | |
|---|---|
| fixed length control field | 00406nam a22001457a 4500 |
| 082 ## - DEWEY DECIMAL CLASSIFICATION NUMBER | |
| Classification number | 666.893 |
| Author Mark | JOS |
| -- | L-NUST, P-40 |
| 100 ## - MAIN ENTRY--PERSONAL NAME | |
| Personal name | Joshi, R.C. |
| 9 (RLIN) | 44843 |
| 245 ## - TITLE STATEMENT | |
| Title | Fly ash in concrete |
| Statement of responsibility, etc. | Joshi, R.C. |
| 250 ## - EDITION STATEMENT | |
| Edition statement | 2d |
| 260 ## - PUBLICATION, DISTRIBUTION, ETC. | |
| Place of publication, distribution, etc. | Netherlands |
| Name of publisher, distributor, etc. | Overseas Publishers Association |
| Date of publication, distribution, etc. | 1997 |
| 300 ## - PHYSICAL DESCRIPTION | |
| Extent | 259 P |
| Dimensions | 20cm |
| 526 ## - STUDY PROGRAM INFORMATION NOTE | |
| Program name | 0 |
| Interest level | 0 |
| Reading level | 0 |
| Title point value | 666_893000000000000_JOS |
| 700 ## - ADDED ENTRY--PERSONAL NAME | |
| Personal name | Joshi, R.C. |
| 9 (RLIN) | 44843 |
| 942 ## - ADDED ENTRY ELEMENTS (KOHA) | |
| Source of classification or shelving scheme | |
| Koha item type | Book |
| Withdrawn status | Lost status | Source of classification or shelving scheme | Damaged status | Not for loan | Permanent Location | Current Location | Date acquired | Total Checkouts | Full call number | Barcode | Date last seen | Price effective from | Koha item type |
|---|---|---|---|---|---|---|---|---|---|---|---|---|---|
| Military College of Engineering (MCE) | Military College of Engineering (MCE) | 08/28/2014 | 666.893 JOS | MCE-44360 | 08/28/2014 | 08/28/2014 | Book |
